00549nam a2200205Ia 4500008004100000020001800041050001400059100001600073245001600089245001900105260001500124260001600139260000900155300001500164300002000179300001000199500000800209999001900217952010700236170918s9999 xx 000 0 und d a9780439177061 bD131 1990 aDahl, Roald aEsio Trot / cby Roald Dahl. aNew York : bScholastic, c1990 a62 pages : billustrations ; c19cm. a740 c343563d343563 001040aSSISMbSSISMd2017-09-18l0oGS FIC D131 1990pSSISM2635r2017-09-18 00:00:00w2017-09-18yBK